UBT Library

ORGANIZATIONAL BEHAVIOR (Record no. 34330)

000 -LEADER
fixed length control field 00301nam a22001337a 4500
008 - FIXED-LENGTH DATA ELEMENTS--GENERAL INFORMATION
fixed length control field 171017b xxu||||| |||| 00| 0 eng d
020 ## - INTERNATIONAL STANDARD BOOK NUMBER
International Standard Book Number 9780538861366
041 ## - LANGUAGE CODE
Language code of text/sound track or separate title eng
080 ## - UNIVERSAL DECIMAL CLASSIFICATION NUMBER
Universal Decimal Classification number 331.101.262
100 ## - Rafti
Rafti 52
101 ## - Shkurtesa
Shkurtesa BNJ
245 ## - TITLE STATEMENT
Title ORGANIZATIONAL BEHAVIOR
Statement of responsibility, etc ADLER, M.J
942 ## - ADDED ENTRY ELEMENTS (KOHA)
Source of classification or shelving scheme
Item type Books
Holdings
Withdrawn status Lost status Source of classification or shelving scheme Damaged status Not for loan Collection code Permanent location Current location Shelving location Date acquired Total Checkouts Full call number Barcode Date last seen Price effective from Koha item type
          Koleksioni i përgjithshem UBT - Lipjan UBT - Lipjan General Stacks 10/17/2017   331.101.262 ADL 002-2931523 10/17/2017 10/17/2017 Books
UBT Library © 2015-2024. All rights reserved University Education for Business and Technology